000 00334nam a2200133Ia 4500
008 231129s1973||||xx |||||||||||||| ||spa||
040 _bspa
082 _aCo863 L864o
100 _aLopez Gomez Adel
245 0 _aOcho cuentistas del antiguo Caldas
260 _c1973
264 _aBogotá Colombia : Colcultura
942 _2ddc
_cBKS
999 _c22042
_d22042